000 01158nam a2200253 u 4500
001 000799479
003 AM-YeHGA
005 20250617144256.0
008 110329s1983 ||||||||||||||||||||rus|c
040 _aAM-YeHGA
041 0 _arus
100 1 _aБахиев, А.
245 1 0 _aЛекарственные растения Каракалпаки /
_cА. Бахиев, К.Н. Бутов, С. Даулетмуратов; Академия наук Узбекской ССР., Комплексный институт естественных наук Каракалпакского филиала.
260 _aТашкент :
_bИзд. "Фан" УзССР,
_c1983.
300 _a136 с. :
_bил. ;
_c22 см.
500 _aПрилож. : с. 113-129
504 _aЛит. : с. 130-134
650 1 4 _aЛекарственные растения
700 1 _aБутов, К.Н.
700 1 _aДаулетмуратов, С.
710 2 _aАкадемия наук Узбекской ССР
710 2 _aКомплексный институт естественных наук Каракалпакского филиала
090 _c292747
999 _c291067
_d291067